000
00290nam a22001337a 4500
008
170630b xxu||||| |||| 00| 0 eng d
020
_a
2900030672810
041
_a
eng
080
_a
82
100
_a
22
101
_a
GJL
245
_a
ELEMENTS OF LITERATURE
_c
DANIEL, K
942
_2
udc
_c
BK
999
_c
19683
_d
19683